Normal view
MARC view
Entry Término temático
001 - NÚMERO DE CONTROL
- campo de control: 79096
003 - IDENTIFICADOR DEL NÚMERO DE CONTROL
- campo de control: DO-SdBNP
005 - FECHA Y HORA DE LA ÚLTIMA TRANSACCIÓN
- campo de control: 20210705105139.0
008 - DATOS DE LONGITUD FIJA
- campo de control de longitud fija: 210705|| aca||aabn | a|a d
040 ## - FUENTE DE LA CATALOGACIÓN
- Centro catalogador/agencia de origen: DO-SdBNP
- Centro/agencia transcriptor: DO-SdBNP
150 ## - ENCABEZAMIENTO--TÉRMINO DE MATERIA
- Término de materia o nombre geográfico como elemento de entrada: Liderazgo político
- Subdivisión geográfica: República Dominicana
670 ## - FUENTE DE DATOS ENCONTRADOS
- Cita de la fuente: Work cat.: (DO-SdBNP)25998: Curso de Capacitación para Jóvenes Líderes de Partidos Políticos de la República Dominicana (1 : 1999 marzo 24-28 : Santo Domingo) 53581, Renovar la política:, 1999.
